000 00550 a2200169 4500
020 _a1860945880
020 _a9781860945885
082 _a523.8875
090 _c1304
_d1304
100 1 _aRaine, Derek.
245 1 0 _aBlack holes :
_ban introduction /
_cDerek Raine.
260 _a[S.l.] :
_bImperial College Press,
_c2005.
300 _a168 p. ;
_c23 cm.
700 _aRaine, Derek.
942 _aSNS
_cBK
_k523.8875 RAI
999 _c29917
_d29917